000 01272nam a2200313 a 4500
001 ebr10713147
003 CaPaEBR
006 m o u
007 cr cn|||||||||
008 130605s2006 enkabc sb 001 0beng d
020 _z1845110811 (HB)
020 _z9781845110819
020 _z9780857717832 (e-book)
040 _aCaPaEBR
_cCaPaEBR
035 _a(OCoLC)77521662
050 1 4 _aPR6027.E78
_bZ72 2006eb
082 0 4 _a070.4333092
_223
100 1 _aJohn, Angela V.
245 1 0 _aWar, journalism and the shaping of the twentieth century
_h[electronic resource] :
_bthe life and times of Henry W. Nevinson /
_cAngela V. John.
260 _aLondon ;
_aNew York :
_bI.B. Tauris,
_c2006.
300 _axvii, 246 p. :
_bill., maps, ports.
504 _aIncludes bibliographical references and index.
533 _aElectronic reproduction.
_bPalo Alto, Calif. :
_cebrary,
_d2013.
_nAvailable via World Wide Web.
_nAccess may be limited to ebrary affiliated libraries.
600 1 0 _aNevinson, Henry Woodd,
_d1856-1941.
650 0 _aJournalists
_vBiography.
655 7 _aElectronic books.
_2local
710 2 _aebrary, Inc.
856 4 0 _uhttp://site.ebrary.com/lib/rucke/Doc?id=10713147
_zAn electronic book accessible through the World Wide Web; click to view
999 _c16045
_d16045